Dynamics of Complex Interacting Systems /

This book contains the lectures given at the Fourth School on Statistical Physics and Cooperative Systems, held in Santiago, Chile, December 12-16, 1994. This School brings together scientists working on subjects related to recent trends in complex systems. Subjects dealt with include dynamical syst...

Full description

Bibliographic Details
Main Author: Golès, E.
Corporate Author: SpringerLink (Online service)
Other Authors: Martínez, Servet
Format: eBook
Language:English
Published: Dordrecht : Springer Netherlands, 1996.
Series:Nonlinear phenomena and complex systems ; 2.
Subjects:
Online Access:Connect to the full text of this electronic book

MARC

Tag First Indicator Second Indicator Subfields
LEADER 00000cam a2200000Mi 4500
001 in00003579721
006 m o d
007 cr mnu---uuaaa
008 130330s1996 ne o 000 0 eng
005 20260422210954.4
020 |a 9789401713238 (electronic bk.) 
020 |a 9401713235 (electronic bk.) 
020 |z 9789048147342 
020 |z 9048147344 
020 |z 9401713235 
035 |a (OCoLC)851392405 
040 |a AU@  |b eng  |e pn  |c AU@  |d GW5XE  |d OCLCQ  |d OCLCF  |d UtOrBLW 
049 |a TXAM 
050 4 |a QC174.7-175.36 
072 7 |a PHS  |2 bicssc 
072 7 |a PHDT  |2 bicssc 
072 7 |a SCI055000  |2 bisacsh 
082 0 4 |a 621  |2 23 
100 1 |a Golès, E. 
245 1 0 |a Dynamics of Complex Interacting Systems /  |c edited by Eric Goles, Servet Martínez. 
264 1 |a Dordrecht :  |b Springer Netherlands,  |c 1996. 
300 |a 1 online resource (viii, 178 pages) 
336 |a text  |b txt  |2 rdacontent 
337 |a computer  |b c  |2 rdamedia 
338 |a online resource  |b cr  |2 rdacarrier 
490 1 |a Nonlinear Phenomena and Complex Systems,  |x 1386-288X ;  |v 2 
520 |a This book contains the lectures given at the Fourth School on Statistical Physics and Cooperative Systems, held in Santiago, Chile, December 12-16, 1994. This School brings together scientists working on subjects related to recent trends in complex systems. Subjects dealt with include dynamical systems, ergodic theory, cellular automata, symbolic and arithmetic dynamics, spatial systems, large deviation theory and neural networks. Audience: This volume will appeal to scientists working in the areas of pure and applied mathematics, nonlinear physics, biology, computer science, electrical engineering and artificial intelligence. 
500 |a Electronic resource. 
650 0 |a Physics. 
650 0 |a Information theory. 
650 0 |a Mathematics. 
650 7 |a Information theory.  |2 fast  |0 (OCoLC)fst00973149 
650 7 |a Mathematics.  |2 fast  |0 (OCoLC)fst01012163 
650 7 |a Physics.  |2 fast  |0 (OCoLC)fst01063025 
655 7 |a Electronic books.  |2 local 
700 1 |a Martínez, Servet. 
710 2 |a SpringerLink (Online service) 
776 1 8 |i Print version:  |z 9789048147342 
830 0 |a Nonlinear phenomena and complex systems ;  |v 2. 
856 4 0 |u http://proxy.library.tamu.edu/login?url=https://link.springer.com/10.1007/978-94-017-1323-8  |z Connect to the full text of this electronic book  |t 0 
994 |a 92  |b TXA 
999 |a MARS 
999 f f |s c9400739-ec1a-3e61-873a-b3b6eb2583e0  |i c0574947-14e6-3b2c-b201-673c6b7de4a2  |t 0 
952 f f |a Texas A&M University  |b College Station  |c Electronic Resources  |s www_evans  |d Available Online  |t 0  |e QC174.7-175.36  |h Library of Congress classification 
998 f f |a QC174.7-175.36  |t 0  |l Available Online